UBT Library

American government : (Record no. 44838)

000 -LEADER
fixed length control field 00663cam a2200241 a 4500
001 - CONTROL NUMBER
control field 2422221
005 - DATE AND TIME OF LATEST TRANSACTION
control field 20180313050601.0
008 - FIXED-LENGTH DATA ELEMENTS--GENERAL INFORMATION
fixed length control field 870713s1987 mnu b 001 0 eng
010 ## - LIBRARY OF CONGRESS CONTROL NUMBER
LC control number 87019791
020 ## - INTERNATIONAL STANDARD BOOK NUMBER
International Standard Book Number 0899083986 (lib. bdg.) :
Terms of availability $13.95
020 ## - INTERNATIONAL STANDARD BOOK NUMBER
International Standard Book Number 0899083730 (pbk.) :
Terms of availability $6.95
040 ## - CATALOGING SOURCE
Original cataloging agency DLC
Transcribing agency DLC
Modifying agency DLC
041 ## - LANGUAGE CODE
Language code of text/sound track or separate title eng
043 ## - GEOGRAPHIC AREA CODE
Geographic area code n-us---
080 ## - UNIVERSAL DECIMAL CLASSIFICATION NUMBER
Universal Decimal Classification number 320.973
082 00 - DEWEY DECIMAL CLASSIFICATION NUMBER
Classification number 320.973 BEN
Edition number 19
100 ## - Rafti
Rafti 20
101 ## - Shkurtesa
Shkurtesa SHP
245 00 - TITLE STATEMENT
Title American government :
Statement of responsibility, etc David L. Bender, book editor.
504 ## - BIBLIOGRAPHY, ETC. NOTE
Bibliography, etc Bibliography: p. 259-264.
906 ## - LOCAL DATA ELEMENT F, LDF (RLIN)
a 7
b cbc
c orignew
d 1
e ocip
f 19
g y-gencatlg
942 ## - ADDED ENTRY ELEMENTS (KOHA)
Source of classification or shelving scheme
Item type Books
Holdings
Withdrawn status Lost status Source of classification or shelving scheme Damaged status Not for loan Collection code Permanent location Current location Shelving location Date acquired Total Checkouts Full call number Barcode Date last seen Price effective from Koha item type
          Koleksioni i përgjithshem UBT - Lipjan UBT - Lipjan Koleksioni i përgjithshem 03/13/2018   320.973 BEN 002-3002160 03/13/2018 03/13/2018 Books
UBT Library © 2015-2024. All rights reserved University Education for Business and Technology